000 00622cam a2200241 4500
008 010821n2001 000 0 eng u
020 _a0415235480
035 _a(Sirsi) u114212
050 _a306.3
100 _aKing, P.
245 _aUnderstanding housing finance
260 _aLondon
_bRoutledge
_c2001
300 _aix,198p.
_c24cm.
350 _a17.99
650 _aHOUSING ASSOCIATIONS
650 _aHOUSING BENEFIT
650 _aHOUSING SUBSIDIES
650 _aLOCAL AUTHORITIES
650 _aOWNER-OCCUPATION
650 _aPRIVATE RENTED SECTOR
690 _aHOUSING-HOUSING FINANCE
942 _n0
999 _c101588
_d101588